000 00657nam a2200265Ia 4500
005 20260121172659.0
008 008 260114s9999 xx 000 0 eng d
020 _a9783030791001
037 _aEBOOK
040 _aCRL
040 _beng
040 _cCRL
041 _2eng
041 _aeng
084 _qCRL
100 _aPhillip McIntyre, Paul Thompson
_91091403
245 0 _aPaul McCartney and His Creative Practice
260 _bSpringer
260 _bSpringer
260 _c2021
856 _uhttps://link.springer.com/openurl?genre=book&isbn=978-3-030-79100-1
942 _cEBOOK
999 _c1657143
_d1657143